Innovation, inclusion and integration : (Record no. 200422511)

MARC details
000 -LEADER
fixed length control field 01344 a2200361 4500
001 - CONTROL NUMBER
control field 200422511
003 - CONTROL NUMBER IDENTIFIER
control field TR-AnTOB
005 - DATE AND TIME OF LATEST TRANSACTION
control field 20190829151409.0
008 - FIXED-LENGTH DATA ELEMENTS--GENERAL INFORMATION
fixed length control field 150723e2008 xxu 001 0
020 ## - INTERNATIONAL STANDARD BOOK NUMBER
International Standard Book Number 9780821375389 (alk. paper)
International Standard Book Number 9780821375396
040 ## - CATALOGING SOURCE
Original cataloging agency DLC
Language of cataloging eng
Modifying agency TR-AnTOB
Description conventions rda
Transcribing agency TR-AnTOB
041 ## - LANGUAGE CODE
Language code of text/sound track or separate title İngilizce
050 #0 - LIBRARY OF CONGRESS CALL NUMBER
Classification number HC244
Item number .M57 2008
090 ## - LOCALLY ASSIGNED LC-TYPE CALL NUMBER (OCLC); LOCAL CALL NUMBER (RLIN)
Classification number (OCLC) (R) ; Classification number, CALL (RLIN) (NR) HC244 .M57 2008
100 1# - MAIN ENTRY--PERSONAL NAME
Personal name Mitra, Pradeep
9 (RLIN) 107994
245 10 - TITLE STATEMENT
Title Innovation, inclusion and integration :
Remainder of title from transition to convergence in Eastern Europe and the former Soviet Union /
Statement of responsibility, etc. Pradeep Mitra.
264 #1 - PRODUCTION, PUBLICATION, DISTRIBUTION, MANUFACTURE, AND COPYRIGHT NOTICE
Place of production, publication, distribution, manufacture Washington, DC :
Name of producer, publisher, distributor, manufacturer World Bank,
Date of production, publication, distribution, manufacture, or copyright notice [2008]
Date of production, publication, distribution, manufacture, or copyright notice ©2008
300 ## - PHYSICAL DESCRIPTION
Extent xviii, 142 pages :
Other physical details illustrations ;
Dimensions 26 cm.
336 ## - CONTENT TYPE
Content type term text
Source rdacontent
Content type code txt
337 ## - MEDIA TYPE
Media type term unmediated
Source rdamedia
Media type code n
338 ## - CARRIER TYPE
Carrier type term volume
Source rdacarrier
Carrier type code nc
504 ## - BIBLIOGRAPHY, ETC. NOTE
Bibliography, etc. note
590 ## - LOCAL NOTE (RLIN)
Local note Dünya Bankası / TEPAV tarafından bağışlanmıştır.
650 #0 - SUBJECT ADDED ENTRY--TOPICAL TERM
Topical term or geographic name entry element Globalization
General subdivision Economic aspects
Geographic subdivision Europe, Eastern
9 (RLIN) 107995
Topical term or geographic name entry element Globalization
General subdivision Economic aspects
Geographic subdivision Former Soviet republics
9 (RLIN) 107996
651 #0 - SUBJECT ADDED ENTRY--GEOGRAPHIC NAME
9 (RLIN) 107998
Geographic name Former Soviet republics
General subdivision Economic conditions
Chronological subdivision 21st century.
Geographic name Europe, Eastern
General subdivision Economic conditions
Chronological subdivision 21st century
9 (RLIN) 107997
710 2# - ADDED ENTRY--CORPORATE NAME
Corporate name or jurisdiction name as entry element World Bank
9 (RLIN) 19811
942 ## - ADDED ENTRY ELEMENTS (KOHA)
Koha item type Book
Source of classification or shelving scheme Library of Congress Classification
Holdings
Withdrawn status Lost status Source of classification or shelving scheme Not for loan Collection code Home library Current library Shelving location Date acquired Source of acquisition Cost, normal purchase price Serial Enumeration / chronology Inventory number Total Checkouts Total Holds Full call number Barcode Copy number Cost, replacement price Date shelved Koha item type
      Ödünç Verilebilir / Available Genel Koleksiyon Merkez Kütüphane Merkez Kütüphane Genel Koleksiyon / Main Collection 08/05/2015 Bağış / Donation 0.01 1 İKT     HC244 .M57 2008 0048042 1 0.01   Book
Devinim Yazılım Eğitim Danışmanlık tarafından Koha'nın orjinal sürümü uyarlanarak geliştirilip kurulmuştur.